Statistics for Rush Albums

Click here to take the quiz!

General Stats

  • This quiz has been taken 1,525 times
  • The average score is 14 of 19

Answer Stats

YearAlbum% Correct
19762112
93%
1981Moving Pictures
93%
1974Rush
93%
1975Fly by Night
87%
1978Hemispheres
81%
1975Caress of Steel
78%
1977A Farewell to Kings
76%
1982Signals
74%
1980Permanent Waves
72%
1991Roll the Bones
70%
2012Clockwork Angels
69%
1985Power Windows
69%
2007Snakes and Arrows
67%
1984Grace Under Pressure
64%
1989Presto
63%
1987Hold Your Fire
58%
1993Counterparts
56%
1996Test for Echo
56%
2002Vapor Trails
54%

Score Distribution

Percentile by Number Answered

Percent of People with Each Score

Your Score History

You have not taken this quiz